Southville International School and Colleges
Your cart is empty.
  • Cart
  • Lists
    Public lists Eva Luna New books Lux_list list_1
    Your lists Log in to create your own lists
  • Log in to your account
  • Your cookies
  • Search history
Southville International School and Colleges
  • Advanced search
  • Recent comments
  • Most popular
  • Libraries

Log in to your account

Log in with GOOGLE


If you do not have an external account, but do have a local account, you can still log in:

  1. Home
  2. MARC view: The musicians of Bremen /
Normal view MARC view ISBD view

The musicians of Bremen / (Record no. 105285)

[ view plain ]
MARC details
000 -LEADER
fixed length control field 00556nam a2200181 a 4500
005 - DATE AND TIME OF LATEST TRANSACTION
control field 20140412111349.0
008 - FIXED-LENGTH DATA ELEMENTS--GENERAL INFORMATION
fixed length control field 010321s19uu xx 00 eng d
020 ## - INTERNATIONAL STANDARD BOOK NUMBER
International Standard Book Number 0-7214-0679-3
050 ## - LIBRARY OF CONGRESS CALL NUMBER
Classification number ER
Item number Mu97 1982
100 ## - MAIN ENTRY--PERSONAL NAME
Personal name Southgate, Vera
245 ## - TITLE STATEMENT
Title The musicians of Bremen /
Statement of responsibility, etc retold for easy reading by Vera Southgate; illustrated by Margaret Gold.
260 ## - PUBLICATION, DISTRIBUTION, ETC. (IMPRINT)
Place of publication, distribution, etc Leicestershire, England :
Name of publisher, distributor, etc Ladybird Books Ltd,
Date of publication, distribution, etc 1982.
300 ## - PHYSICAL DESCRIPTION
Extent 50 p. ; ill.
440 ## - SERIES STATEMENT/ADDED ENTRY--TITLE
Title Puddle Lane
650 ## - SUBJECT ADDED ENTRY--TOPICAL TERM
Topical term or geographic name as entry element Folk Tales
650 ## - SUBJECT ADDED ENTRY--TOPICAL TERM
Topical term or geographic name as entry element Children stories
Holdings
Withdrawn status Lost status Damaged status Home library Current library Shelving location Date acquired Source of acquisition Total Checkouts Full call number Barcode Date last seen Price effective from Koha item type
      Elizalde Library Elizalde Library Easy Reading Section 04/07/2011     ER Mu97 1982 E9812 04/12/2014 04/12/2014 Books

The musicians of Bremen /

APA

Southgate V., . (1982). The musicians of Bremen. Leicestershire, England: Ladybird Books Ltd.

Chicago

Southgate Vera, . 1982. The musicians of Bremen. Leicestershire, England: Ladybird Books Ltd.

Harvard

Southgate V., . (1982). The musicians of Bremen. Leicestershire, England: Ladybird Books Ltd.

MLA

Southgate Vera, . The musicians of Bremen. Leicestershire, England: Ladybird Books Ltd. 1982.

  • Place hold
  • Print
  • Cite
  • Add to your cart (remove)
  • Save record
    BIBTEX Dublin Core MARCXML MARC (non-Unicode/MARC-8) MARC (Unicode/UTF-8) MARC (Unicode/UTF-8, Standard) MODS (XML) RIS
  • More searches
    Search for this title in:
    Other Libraries (WorldCat) Other Databases (Google Scholar) Online Stores (Bookfinder.com) Open Library (openlibrary.org)

Exporting to Dublin Core...

SOUTHVILLE LIBRARY

Southville International School and Colleges Library

1281 Tropical Ave. Cor. Luxembourg St., BF Homes International, Las Pinas City

Tel. No. 8256374 / 252358 Loc. 117/146

Powered by Koha